000 00890cam a22002291 4500
001 ne 68003403
003 DLC
005 20260227111846.0
008 820709s1966 iq c b 000 0 arar
010 _ane 68003403
035 _a(OCoLC)8586243
040 _aDLC
_cTU
_dTU
_dDLC
050 0 0 _aZ7052
_b.M87 1965
111 2 _aMuʼtamar al-Udabāʼ al-ʻArab,
_n5th,
_cBaghdād,
_d1965.
245 1 0 _aUdabāʼ al-Muʼtamar.
_cJamaʻa mawādd al-kitāb wa-nassaqa maʻlūmātih ʻAbd al-Razzāq al-Hilālī.
260 _aBaghdād,
_bWizarat al-Thaqāfah wa-al-Irshād,
_c1966.
300 _a206 p.
_bports.
_c24 cm.
440 0 _aSilsilat al-kutub al-ḥadīthah,
_v12
500 _a"ʻUqida bi-Baghdād fī shahr Shubāṭ min ʻām 1965 Muʼtamar al-Udabʼ̄a al-ʻArab al-Khāmis".
650 0 _aArabic literature
_y1801-
_xBio-bibliography.
700 1 _aHilālī, ʻAbd al-Razzāq,
_ecomp.
999 _c50766
_d50766